000 00456nam a2200169 i 4500
001 95484
003 ES-MaACL
005 20250805063252.0
007 t|
008 050530s1969 sp ||||1| spa d
100 1 _aLlarch, Joan,
_d1920-1987
_972722
245 1 3 _aLa sirena perdida /
_cJoan Llarch.
260 _aBarcelona :
_bTelstar,
_c1969.
300 _a217 p. ;
_c15 cm.
852 _aES-MaACL
_jC-36136
_bR.68436
999 _c95484
_d95484